000
00320nam a2200133Ia 4500
008
240624s9999 xx 000 0 und d
041
_a
eng
082
_a
355.02 TZU
100
_a
TZU SUN
245
_a
ART OF WAR
260
_c
2011
_a
New Delhi
_b
HarperCollins
300
_a
viii, , 96 , 18 : p. : cm.
365
_c
RS
_b
25
999
_c
18425
_d
18425